000
00342nam a2200145Ia 4500
008
150201s2004 xx 000 0 und d
082
_a
615
_b
P04L
100
_a
LILLEY , LINDA LANE
245
_a
PHARMACOLOGY & NURSING PROCESS
250
_a
4TH
260
_b
MOSBY
_a
USA
_c
2004
300
_a
1025
650
_a
PHARMACOLOGY
942
_2
ddc
_c
BK
999
_c
2030
_d
2030